Dingbats - Movie Edition - Statistics

General Stats
  • This quiz has been taken 473 times
  • The average score is 8 of 20
Answer Stats
Picture Answer % Correct
Top Gun
89%
Iron Man
75%
Goldfinger
67%
The Green Mile
65%
Blood Diamond
58%
Snakes on a Plane
56%
The Breakfast Club
55%
Blade Runner
48%
Home Alone
42%
North by Northwest
42%
The Dark Knight
37%
Rear Window
36%
Pan's Labyrinth
35%
Trainspotting
31%
The Fifth Element
23%
Shallow Grave
19%
Men in Black
16%
Toy Story
12%
The Lady Vanishes
11%
Apocalypse Now
5%
No matching quizzes found
Score Distribution
Percent of People with Each Score
Percentile by Number Answered
Your Score History
You have not taken this quiz